000 00548nam a22001577a 4500
003 OSt
008 260420b |||||||| |||| 00| 0 eng d
082 _a634.43
_bR14V
100 _aKumar, Rajesh
245 _aVegetative and Pomological studies of Few types of sapota (Achras Sapota L.) Barhal (Artocarpus Lakoocha ROXB) Jamun Skeels) and water chestnut (Trpa bispinosa ROXB) Growing around Bhagalpur
260 _aBAU, Sabour, Bhagalpur
_bRAU, Sabour
_c1984
300 _a83P.
502 _bMsc.
_d1984
650 _aHorticulture
942 _2ddc
_cT
999 _c50093
_d50093